• 首页
  • 本馆介绍
  • 公告通知
  • 最新文献
  • 馆藏检索
  • 电子资源
  • 读者导购
  • 参考咨询
  • 我的图书馆
  • 登录
  • 详细信息显示
  • 放入我的书架
  • 预约/预借图书
  • 作者相关作品
  • 分类相关作品
  • 丛书相关作品
  • 出版社相关作品

书目信息

  • 表格格式
  • 工作单格式
  • 卡片格式
题名:
楚辞韵读
    
 
作者: 王力 著
分册:  
出版信息: 上海   上海古籍出版社  1980
页数: 84页
开本: 19cm
丛书名:
单 册:
中图分类: I207.21 , H11
科图分类:
主题词: 文学研究-楚辞--中国 , 楚辞-文学研究--中国 , 汉语--语音 , 汉语--音韵学
电子资源:
ISBN:
000 00657nam0 2200265 45
001 1572793896
005 20150128124800.65
010    @dCNY0.36
091    @aCN@b9186.2
100    @a19950605d1980 emky0chiy0121 ea
101 0  @achi
102    @aCN@b310000
105    @ay z 000yy
200 10 @a楚辞韵读@Achu ci yun du@f王力著
210    @a上海@c上海古籍出版社@d1980
215    @a84页@d19cm
606    @a文学研究-楚辞@y中国
606    @a楚辞-文学研究@y中国
606 0  @a汉语@x语音
606 0  @a汉语@x音韵学
690    @aI207.21@v3
690    @aH11@v4
701  0 @a王力@Awang li@4著
801  0 @aCN@bTSSF@c20150128
905    @aZUCC@dH11@eJY50
    
    楚辞韵读/王力著.-上海:上海古籍出版社,1980
    84页;19cm
    
    
    ISBN :CNY0.36
    
●
相关链接 在E读中查询图书 在五车中查询图书 在当当中查询图书 在豆瓣中查询图书


正题名:楚辞韵读     索取号:H11/JY50         预约/预借

序号 登录号 条形码 馆藏地/架位号 状态 备注
1 7842782   278427828   学院路分馆/ [索取号:H11/JY50] 在馆    
2 7842783   278427837   学院路分馆/ [索取号:H11/JY50] 在馆    
3 7842784   278427846   学院路分馆/ [索取号:H11/JY50] 在馆    
4 7842785   278427855   学院路分馆/ [索取号:H11/JY50] 在馆    
唐山师范学院图书馆 欢迎您!
大连网信软件有限公司© 版权所有